|
|
|
|
| LEADER |
01394nam a2200373 a 4500 |
| 001 |
2743 |
| 003 |
BD-DhAAL |
| 005 |
20190515095620.0 |
| 008 |
151017s2004 enka sb 001 0 eng d |
| 999 |
|
|
|c 35808
|d 35808
|
| 020 |
|
|
|z 8124201692
|
| 020 |
|
|
|z 074943984x
|
| 035 |
|
|
|a 7035939
|
| 040 |
|
|
|a CtWfDGI
|c CtWfDGI
|d NIC
|d BD-DhAAL
|
| 050 |
1 |
4 |
|a HF5549.5.C67
|b A76 2004eb
|
| 082 |
0 |
4 |
|a 658.32
|2 22
|
| 100 |
1 |
|
|a Armstrong, Michael,
|d 1928-
|9 14977
|
| 245 |
1 |
0 |
|a Reward management :
|h remuneratin strategy and practice /
|c Michael Armstrong, Helen Murlis.
|
| 260 |
|
|
|a London ;
|a New Delhi ;
|a Sterling, Va. :
|b Kogan Page,
|c 1999.
|
| 300 |
|
|
|a xiii, 690 p. :
|b ill. ;
|c 25 cm.
|
| 500 |
|
|
|a Previous ed.: 1998.
|
| 500 |
|
|
|a Title from title screen.
|
| 504 |
|
|
|a Includes bibliographical references and index.
|
| 506 |
|
|
|a Access restricted to authorized subscribers.
|
| 516 |
|
|
|a Text.
|
| 530 |
|
|
|a Available also in a print ed.
|
| 538 |
|
|
|a Mode of access: World Wide Web.
|
| 541 |
|
|
|e 2743
|
| 550 |
|
|
|a Digitized and made available by: Books24x7.com.
|
| 650 |
|
0 |
|a Compensation management
|v Handbooks, manuals, etc.
|9 15476
|
| 650 |
|
7 |
|a Compensation management
|2 fast
|9 15477
|
| 700 |
1 |
|
|a Murlis, Helen.
|4 aut
|9 15478
|
| 942 |
|
|
|2 ddc
|c BK
|
| 952 |
|
|
|0 0
|1 0
|2 ddc
|4 0
|6 658_300000000000000_2_ARM
|7 0
|9 56327
|a SCL
|b SCL
|c GEN
|d 2015-10-17
|l 0
|o 658.32 ARM
|p 3020002743
|r 2015-10-17
|t 1
|w 2015-10-17
|y BK
|